00572nam a22001817a 4500003000400000020001700004082001400021100002200035245004300057260008300100300000800183650001200191700001900203700002700222942001200249952011200261999001700373SGT a979392787492 a620bE22S aSingh, Lakhwinder aemerging tools & techniques in Science aNew Delhi, IndiabSelective & Scientific Books Publishers & Distributersc2022 a195 aScience aMalik, Pradeep aSharma, Bhoopesh Kumar 2ddccBK 00102ddc405171aFDbFDcREFd2023-07-29iSGTUl0o620 E22SpFD8997r2023-07-29 00:00:00w2023-07-29yBK c24483d24483